Wszystkie kolonie francuskie - Statystyki

Ogólne statystyki
  • Ten quiz został rozwiązany 49 razy
  • Średni wynik to 8 z 26
Statystyki odpowiedzi
Kontynent Lata kontroli Odpowiedź Status % Poprawnych
Afryka 1830-1962 Algieria Kolonia
85%
Afryka 1912-1956 Maroko Protektorat
63%
Afryka 1881-1956 Tunezja Protektorat
63%
Ameryka Płd. 1643- Gujana Francuska Departament zamorski
55%
Afryka 1896-1946, 1946-1958 Madagaskar Terytorium mandatowe,Terytorium zamorskie
53%
Azja 1898-1946 Guangzhouwan Koncesja
50%
Ameryka Płn. 1635- Martynika Departament zamorski
38%
Oceania 1843- 1903- Polinezja Francuska Terytorium zależne, Wspólnota zamorska
35%
Azja 1920-1946 Syria Terytorium mandatowe
33%
Ameryka Płn. 1674- Gwadelupa Departament zamorski
30%
Afryka 1895-1958 Francuska Afryka Zachodnia Federacja kolonii
28%
Azja 1920-1946 Liban Terytorium mandatowe
28%
Oceania 1853-1945,1946- Nowa Kaledonia KoloniaTerytorium zależne
25%
Afryka 1642-1945,1946- Reunion Kolonia, Departament zamorski
25%
Ameryka Płn. 1648-, 2007-* Saint Martin Terytorium zależne,Wspólnota zamorska
25%
Afryka 1910-1958 Francuska Afryka Równikowa Federacja kolonii
18%
Afryka 1843- Majotta Departament zamorski
18%
Ameryka Płn. 1673-, 2007-* Saint Barthelemy Terytorium zależne,Wspólnota zamorska
18%
Ameryka Płn. 1763-1945,1946-1976, 1976-1985, 1985- Saint-Pierre i Miquelon Kolonia,Terytorium zamorskie, Departament zamorski, Wspólnota zamorska
18%
Afryka 1894-1967 Somali Francuskie Terytorium zamorskie
13%
Azja 1887-1954 Indochiny Francuskie Kolonia
10%
Oceania 1887- 1961-2003*2003- Wallis i Futuna Kolonia,
Terytorium zamorskie, Wspólnota zamorska
10%
Afryka 1922-1960 Kamerun Francuski Terytorium mandatowe
8%
Antarktyda 1955- Francuskie Terytoria Południowe i Antarktyczne Terytorium zamorskie
5%
Azja 1769-1954 Indie Francuskie Federacja kolonii
5%
Afryka 1916-1960 Togo Francuskie Terytorium mandatowe
5%
Nie znaleziono quizów pasujących do podanych kryteriów
Rozkład punktacji
Procent ludzi z każdym wynikiem
Percentyl według liczby udzielonych odpowiedzi
Twoja historia wyników
Nie rozwiązałeś tego quizu